000 00750nam a22002057a 4500
005 20240530110426.0
008 150201s2010 ua d g 000 0 ara d
040 _aEG-CaGPL
041 0 _aara
082 0 4 _221
_a658.83\
_bع ت
100 0 _aعبدالسلام ابو قحف
245 1 2 _aالتنافسية و تغيير قواعد اللعبة :
_bاليات السيطرة على الاسواق /
_cعبدالسلام ابو قحف
260 _aالاسكندرية :
_bالمكتب الجامعى الحديث ،
_c2010
300 _a163 ص ؛
_c24 سم
650 0 4 _aالخصخصة
650 0 4 _aالتسويق
650 0 4 _aالخصخصة
_zالعالم العربى
942 _2ddc
_cBK
999 _c60744
_d60744